The origins of Islamic jurisprudence: Meccan fiqh before the classical schools
| Main Author: | |
|---|---|
| Format: | Print Book |
| Language: | English |
| Subito Delivery Service: | Order now. |
| Check availability: | HBZ Gateway |
| WorldCat: | WorldCat |
| Interlibrary Loan: | Interlibrary Loan for the Fachinformationsdienste (Specialized Information Services in Germany) |
| Published: |
Leiden Boston Köln
Brill
2002
|
| In: |
Islamic history and civilization (41)
Year: 2002 |
| Series/Journal: | Islamic history and civilization
41 |
| Standardized Subjects / Keyword chains: | B
Islam
/ Jurisprudence
/ Geschichte Anfänge-820
|
| Further subjects: | B
Jurisdiction
B Jurisprudence (Arab countries) History To 1500 B Law B Islamic Law Study and teaching (Arab countries) History To 1500 B Islam B Islamic law B Islamic Law History To 1500 B Jurisprudence B Islamic countries B History |
| Online Access: |
Table of Contents |
MARC
| LEADER | 00000cam a2200000 c 4500 | ||
|---|---|---|---|
| 001 | 334142482 | ||
| 003 | DE-627 | ||
| 005 | 20240419191543.0 | ||
| 007 | tu | ||
| 008 | 010924s2002 ne ||||| 00| ||eng c | ||
| 010 | |a 2001035473 | ||
| 015 | |a 01,N38,0401 |2 dnb | ||
| 015 | |a 01,A51,0733 |2 dnb | ||
| 016 | 7 | |a 961391847 |2 DE-101 | |
| 020 | |a 9004121315 |c Gewebe : EUR 80.00 |9 90-04-12131-5 | ||
| 024 | 3 | |a 9789004121317 | |
| 035 | |a (DE-627)334142482 | ||
| 035 | |a (DE-576)096324783 | ||
| 035 | |a (DE-599)GBV334142482 | ||
| 035 | |a (OCoLC)237495038 | ||
| 035 | |a (OCoLC)48560563 | ||
| 035 | |a (DE-615)00274231 | ||
| 040 | |a DE-627 |b ger |c DE-627 |e rakwb | ||
| 041 | |a eng |h ger | ||
| 044 | |c XA-NL |c XD-US |c XA-DE | ||
| 050 | 0 | |a KBP55 | |
| 084 | |a 19 |a 13 |2 sdnb | ||
| 084 | |a 13 |a 19 |2 sdnb | ||
| 084 | |a RG00.12 |2 fivr | ||
| 084 | |a SF10 |2 fivs | ||
| 084 | |a SA02 |2 fivs | ||
| 084 | |a 6,23 |2 ssgn | ||
| 084 | |a 0 |2 ssgn | ||
| 084 | |a PU 9300 |2 rvk |0 (DE-625)rvk/140742: | ||
| 084 | |a 11.84 |2 bkl | ||
| 084 | |a 86.10 |2 bkl | ||
| 084 | |a 18.74 |2 bkl | ||
| 100 | 1 | |0 (DE-588)108752569 |0 (DE-627)629946965 |0 (DE-576)162301065 |4 aut |a Motzki, Harald |d 1948-2019 | |
| 109 | |a Motzki, Harald 1948-2019 | ||
| 240 | 1 | 4 | |a Die Anfänge der islamischen Jurisprudenz <engl.> |
| 245 | 1 | 4 | |a The origins of Islamic jurisprudence |b Meccan fiqh before the classical schools |c by Harald Motzki. Transl. from the German by Marion H. Katz |
| 264 | 1 | |a Leiden |a Boston |a Köln |b Brill |c 2002 | |
| 300 | |a XVII, 326 S. |c 25 cm | ||
| 336 | |a Text |b txt |2 rdacontent | ||
| 337 | |a ohne Hilfsmittel zu benutzen |b n |2 rdamedia | ||
| 338 | |a Band |b nc |2 rdacarrier | ||
| 490 | 1 | |a Islamic history and civilization |v Vol. 41 | |
| 500 | |a Literaturverz. S. 301 - 310 | ||
| 583 | 1 | |a Archivierung prüfen |c 20200919 |f DE-640 |z 3 |2 pdager | |
| 583 | 1 | |a Archivierung/Langzeitarchivierung gewährleistet |f SSG |x XA-DE-BW |2 pdager |5 DE-21 | |
| 583 | 1 | |a Archivierung prüfen |c 20240324 |f DE-4165 |z 1 |2 pdager | |
| 650 | 0 | |a Islamic Law |x History |y To 1500 | |
| 650 | 0 | |a Jurisprudence |z Arab countries |x History |y To 1500 | |
| 650 | 0 | |a Islamic Law |x Study and teaching |z Arab countries |x History |y To 1500 | |
| 650 | 0 | 7 | |0 (DE-588)1151921939 |0 (DE-627)101270016X |0 (DE-576)498151891 |a Islamisches Recht |2 gnd |
| 650 | 0 | 7 | |0 (DE-588)4048737-4 |0 (DE-627)106189719 |0 (DE-576)20907907X |a Recht |2 gnd |
| 650 | 0 | 7 | |0 (DE-588)4020517-4 |0 (DE-627)106317768 |0 (DE-576)208933697 |a Geschichte |2 gnd |
| 650 | 0 | 7 | |0 (DE-588)4076570-2 |0 (DE-627)106082612 |0 (DE-576)209202238 |a Rechtswissenschaft |2 gnd |
| 650 | 0 | 7 | |0 (DE-588)4027743-4 |0 (DE-627)106283499 |0 (DE-576)20897220X |a Islam |2 gnd |
| 650 | 0 | 7 | |0 (DE-588)4115710-2 |0 (DE-627)105812242 |0 (DE-576)209495456 |a Rechtsprechung |2 gnd |
| 651 | 7 | |0 (DE-588)4073172-8 |0 (DE-627)104279893 |0 (DE-576)209189622 |a Islamische Staaten |2 gnd | |
| 689 | 0 | 0 | |d s |0 (DE-588)4027743-4 |0 (DE-627)106283499 |0 (DE-576)20897220X |2 gnd |a Islam |
| 689 | 0 | 1 | |d s |0 (DE-588)4076570-2 |0 (DE-627)106082612 |0 (DE-576)209202238 |2 gnd |a Rechtswissenschaft |
| 689 | 0 | 2 | |q z |2 gnd |a Geschichte Anfänge-820 |
| 689 | 0 | |5 DE-101 | |
| 700 | 1 | 2 | |a Motzki, Harald |d 1948-2019 |t Die Anfänge der islamischen Jurisprudenz <engl.> |
| 830 | 0 | |a Islamic history and civilization |v 41 |9 41 |w (DE-627)247583766 |w (DE-576)038227614 |w (DE-600)1439772-9 |x 0929-2403 |7 am | |
| 856 | 4 | 2 | |u http://www.gbv.de/dms/spk/sbb/toc/334142482.pdf |m V:DE-601 |m B:DE-1 |q pdf/application |x Verlag |y Inhaltsverzeichnis |3 Inhaltsverzeichnis |7 1 |
| 935 | |a mteo | ||
| 935 | |i Blocktest | ||
| 936 | r | v | |a PU 9300 |b Allgemeines und Übergreifendes |k Rechtswissenschaft |k Ausländisches Privatrecht, Privatrechtsvergleichung und -vereinheitlichung |k Einzelne Länder |k Naher Osten und Mittlerer Osten |k Allgemeines und Übergreifendes |0 (DE-627)1271450666 |0 (DE-625)rvk/140742: |0 (DE-576)201450666 |
| 936 | b | k | |a 11.84 |j Islam: Sonstiges |0 (DE-627)106404075 |
| 936 | b | k | |a 86.10 |j Recht einzelner Länder, Gebiete und Völker |0 (DE-627)106422499 |
| 936 | b | k | |a 18.74 |j Arabische Sprache und Literatur |0 (DE-627)106415646 |
| 936 | f | i | |0 (DE-627)1756133522 |a RG00.12 |b Islamische Welt |k Naher und Mittlerer Osten und Nordafrika |k Geographische Räume (länderübergreifend) und Organisationen des Nahen und Mittleren Ostens/Nordafrikas |k Islamische Welt |2 fivr |
| 936 | f | i | |0 (DE-627)1756135886 |a SF10 |b Recht |k Staat |k Recht |2 fivs |
| 936 | f | i | |0 (DE-627)1756135258 |a SA02 |b Geschichte |k Allgemeine Literatur |k Geschichte |2 fivs |
| 938 | 1 | 0 | |0 (DE-627)1756206856 |0 (DE-615)6610147 |a Islamische Länder/Islamische Welt |2 fivt |
| 938 | 1 | 0 | |0 (DE-627)1756225982 |0 (DE-615)6605313 |a Islamisches Recht |2 fivt |
| 938 | 1 | 0 | |0 (DE-627)1756139822 |0 (DE-615)6604263 |a Rechtsgeschichte |2 fivt |
| 938 | 1 | 0 | |0 (DE-627)1756200149 |0 (DE-615)6600426 |a Rechtswissenschaft |2 fivt |
| 938 | 1 | 0 | |0 (DE-627)1756169551 |0 (DE-615)6605656 |a Islam |2 fivt |
| 938 | 1 | 0 | |0 (DE-627)1756225400 |0 (DE-615)6607163 |a Rechtsprechung |2 fivt |
| 951 | |a BO | ||
| CAN | |a 1 | ||
| ELC | |b 1 | ||
| ITA | |a 1 |t 1 | ||
| LOK | |0 000 xxxxxcx a22 zn 4500 | ||
| LOK | |0 001 3241848019 | ||
| LOK | |0 003 DE-627 | ||
| LOK | |0 004 334142482 | ||
| LOK | |0 005 20040324000000 | ||
| LOK | |0 008 040324||||||||||||||||ger||||||| | ||
| LOK | |0 040 |a DE-21 |c DE-627 |d DE-21 | ||
| LOK | |0 852 |a DE-21 | ||
| LOK | |0 852 1 |c 44 A 2665 |9 00 | ||
| LOK | |0 935 |a vord | ||
| LOK | |0 938 |l 15 |8 2 | ||
| LOK | |0 939 |a 24-03-04 |b l01 | ||
| ORI | |a SA-MARC-ixtheoa001.raw | ||
| REF | |a Rechtsgeschichte | ||
| REL | |a 1 | ||
| STA | 0 | 0 | |a History,History,History in art,Islam,Islam,Islamic countries,Islamic states,Islamic law,Jurisdiction,Adjudication,Legal decision,Judgment,Finding,Jurisprudence,Law studies,Law,Law,Right,Law,Jurisprudence,Law in literature |
| STB | 0 | 0 | |a Droit islamique,Droit,Droit,Histoire,Histoire,Histoire,Islam,Islam,Jurisprudence,Jurisprudence,Science juridique,Jurisprudence |
| STC | 0 | 0 | |a Derecho musulmán,Derecho,Derecho,Historia,Historia,Historia,Islam,Islam,Jurisprudencia,Jurisprudencia,Jurisprudencia |
| STD | 0 | 0 | |a Diritto,Diritto,Giurisprudenza,Giurisprudenza <motivo>,Giurisprudenza,Insieme delle sentenze,Insieme delle sentenze,Insieme delle sentenze (motivo),Insieme delle sentenze,Islam,Islam,Shari'a,Diritto islamico,Storia,Storia |
| STE | 0 | 0 | |a 伊斯兰教,伊斯兰教,回教,回教,历史,史,司法判决,裁定,法学,法理学,法律,法律,法制,法制 |
| STF | 0 | 0 | |a 伊斯蘭教,伊斯蘭教,回教,回教,伊斯蘭教法,司法判決,裁定,歷史,史,法學,法理學,法律,法律,法制,法制 |
| STG | 0 | 0 | |a Direito,Direito,História,História,Islã,Islã,Jurisprudência,Jurisprudência,Jurisprudência,Xaria |
| STH | 0 | 0 | |a Ислам (мотив),Ислам,История (мотив),История,Право (мотив),Право,Правовая наука,Судопроизводство (мотив),Судопроизводство,Шариат |
| STI | 0 | 0 | |a Δίκαιο (μοτίβο),Δίκαιο,Ισλάμ (μοτίβο),Ισλάμ,Ιστορία (μοτίβο),Ιστορία,Νομική επιστήμη,Νομική,Νομολογία (μοτίβο),Νομολογία,Σαρία |
| SUB | |a CAN |a REL | ||
| SYE | 0 | 0 | |a Islam,Sharia,Scharia,Šarīʿa,Scheriʿa,Scheriat , History,Geschichtliche Epoche,Historical development,Historische Entwicklung,Landesgeschichte,Regionalgeschichte,Ortsgeschichte,Zeitgeschichte , Jurisprudenz,Rechtswissenschaften , Islam , Judikatur,Spruchpraxis |
| SYF | 0 | 0 | |a Islamischer Orient,Islamische Länder,Islamische Regionen |
| SYG | 0 | 0 | |a Islam , Jurisprudenz,Rechtswissenschaften |



